| LEADER | 00402cam a2200121 7i4500 | ||
|---|---|---|---|
| 001 | 0000032052 | ||
| 005 | 20150212090000.0 | ||
| 090 | 0 | 0 | |a VID 380.1 |b MAL (CD) |
| 110 | 2 | 0 | |a Malaysia External Tarde Development Corporation (MATRADE) |
| 245 | 2 | 0 | |a MATRADE Corporate video 2011. |
| 300 | # | # | |a 1 video disc (CD-ROM). |
| 650 | 0 | 0 | |a Trade -- |y 2011 -- |z Malaysia |
| 999 | |a VCD000085H |b Video CD |c AV Collection |e Business Information Centre | ||